Encyclopedia of disaster relief (Record no. 479665)

MARC details
000 -LEADER
fixed length control field 01907cam a2200433 a 4500
001 - CONTROL NUMBER
control field EDZ0000019067
003 - CONTROL NUMBER IDENTIFIER
control field StDuBDS
005 - DATE AND TIME OF LATEST TRANSACTION
control field 20161031105121.0
006 - FIXED-LENGTH DATA ELEMENTS--ADDITIONAL MATERIAL CHARACTERISTICS--GENERAL INFORMATION
fixed length control field m||||||||d||||||||
007 - PHYSICAL DESCRIPTION FIXED FIELD--GENERAL INFORMATION
fixed length control field cr |||||||||||
008 - FIXED-LENGTH DATA ELEMENTS--GENERAL INFORMATION
fixed length control field 110107s2011 cau fo 001|0|eng|d
020 ## - INTERNATIONAL STANDARD BOOK NUMBER
International Standard Book Number 9781412994064 (online resource) :
Terms of availability No price
040 ## - CATALOGING SOURCE
Original cataloging agency StDuBDS
Language of cataloging eng
Transcribing agency StDuBDS
Description conventions pn
049 ## - LOCAL HOLDINGS (OCLC)
Holding library Alfaisal Main Library
050 #4 - LIBRARY OF CONGRESS CALL NUMBER
Classification number HV553
082 04 - DEWEY DECIMAL CLASSIFICATION NUMBER
Classification number 363.34803
Edition number 22
245 00 - TITLE STATEMENT
Title Encyclopedia of disaster relief
Medium [electronic resource] /
Statement of responsibility, etc edited by K. Bradley Penuel, Matt Statler.
260 ## - PUBLICATION, DISTRIBUTION, ETC. (IMPRINT)
Place of publication, distribution, etc Thousand Oaks, Calif. ;
-- London :
Name of publisher, distributor, etc SAGE,
Date of publication, distribution, etc 2011.
300 ## - PHYSICAL DESCRIPTION
Extent 1 online resource.
521 ## - TARGET AUDIENCE NOTE
Target audience note Specialized.
538 ## - SYSTEM DETAILS NOTE
System details note Mode of access: World Wide Web.
538 ## - SYSTEM DETAILS NOTE
System details note System requirements: Internet Explorer 6.0 (or higher) or Firefox 2.0 (or higher).
538 ## - SYSTEM DETAILS NOTE
System details note Available as searchable text in HTML format.
500 ## - GENERAL NOTE
General note "SAGE reference online."
500 ## - GENERAL NOTE
General note Title from home page (viewed Jan. 10, 2011).
530 ## - ADDITIONAL PHYSICAL FORM AVAILABLE NOTE
Additional physical form available note Also issued in print format.
506 1# - RESTRICTIONS ON ACCESS NOTE
Terms governing access Access restricted to subscribing institutions.
520 8# - SUMMARY, ETC.
Summary, etc Billions of dollars and millions of people are involved in disaster relief, yet catastrophes around the world continue to take a huge toll in human lives and treasure. This book covers the response to disasters. It covers issues in both historical and contemporary context, with information on disaster relief around the world.
504 ## - BIBLIOGRAPHY, ETC. NOTE
Bibliography, etc Includes bibliographical references and index.
650 #0 - SUBJECT ADDED ENTRY--TOPICAL TERM
Topical term or geographic name as entry element Disaster relief
Form subdivision Encyclopedias.
655 #7 - INDEX TERM--GENRE/FORM
Genre/form data or focus term Electronic books.
Source of term local
700 1# - ADDED ENTRY--PERSONAL NAME
Personal name Penuel, K. Bradley.
700 1# - ADDED ENTRY--PERSONAL NAME
Personal name Statler, Matthew.
710 2# - ADDED ENTRY--CORPORATE NAME
Corporate name or jurisdiction name as entry element Sage eBooks
730 0# - ADDED ENTRY--UNIFORM TITLE
Uniform title SAGE reference online.
776 08 - ADDITIONAL PHYSICAL FORM ENTRY
Display text Print version :
International Standard Book Number 9781412971010
856 40 - ELECTRONIC LOCATION AND ACCESS
Uniform Resource Identifier <a href="http://ezproxy.alfaisal.edu/login?url=http://sk.sagepub.com/reference/disasterrelief">http://ezproxy.alfaisal.edu/login?url=http://sk.sagepub.com/reference/disasterrelief</a>
942 ## - ADDED ENTRY ELEMENTS (KOHA)
Source of classification or shelving scheme Library of Congress Classification
Koha item type eBooks

No items available.

Copyright © 2020 Alfaisal University Library. All Rights Reserved.
Tel: +966 11 2158948 Fax: +966 11 2157910 Email:
librarian@alfaisal.edu